| Поле | Инд. | ПП | Название | Значение |
|---|---|---|---|---|
| Тип записи | a | |||
| Библиографический уровень | m | |||
| 001 | Контрольный номер | f74953e039e249eaa69b9db696111c5c | ||
| 005 | Дата корректировки | 20260515101641.5 | ||
| 020 | a | ISBN | 978-5-09-107555-7 | |
| 097 | b | Оператор | *Ви* | |
| 100 | 1_ | a | Автор | Рудяков А.Н. |
| 245 | 10 | a | Заглавие | Русский язык. 10-11 классы. Базовый уровень |
| b | Продолж. заглавия | учебное пособие | ||
| b | Продолж. заглавия | в составе учебно-методического комплекса | ||
| b | Продолж. заглавия | в 2 частях | ||
| n | Номер части/ раздела | Часть 1 | ||
| 260 | a | Место издания | Москва | |
| b | Издательство | Грамота | ||
| c | Дата издания | 2024 | ||
| 300 | a | Объем | 304 с. | |
| 440 | _0 | a | Серия | УМК-У |
| 516 | 8_ | a | Прим. о типе комп. файла/ данных | Текст : электронный |
| 520 | 0_ | a | Аннотация | Учебное пособие входит в УМК по русскому языку для 10-11 классов и обеспечивает преемственность между разными ступенями школьного образования, являясь продолжением предметной линии для 5-9 классов. В учебном пособии закладывается целостное представление о языке как функциональной системе. Введение теоретического материала, формулирование заданий к упражнениям осуществляются на основе современных образовательных подходов. Упражнения, направленные на освоение учебного материала, базируются на деятельностном подходе и способствуют формированию личностных, метапредметных и предметных компетенций. В пособии предусмотрено поэтапное повторение и обобщение изученного материала, совершенствование всех видов речевой деятельности. Книга «Русский язык. 10-11 классы. Учебное пособие. Базовый уровень. В 2-х частях. ФГОС» авторов Татьяна Фролова, Рудяков Александр Николаевич, Маркина-Гурджи Мария Геннадиевна оценена посетителями КнигоГид, и её читательский рейтинг составил 1 из 10. Для бесплатного просмотра предоставляются: аннотация, публикация, отзывы, а также файлы для скачивания. |
| 535 | 1_ | a | Хранилище | Внешний сервер |
| 583 | a | Действие | Приписка : УМК | |
| 653 | 0_ | a | Ключевые слова | Русский язык |
| a | Ключевые слова | СПО | ||
| 700 | 12 | a | Другие авторы | Фролова Т.Я. |
| 700 | 12 | a | Другие авторы | Маркина-Гурджи М.Г. |
| 700 | 12 | a | Другие авторы | [и др.] |
| 773 | 18 | w | Контрольный № источника | 49a893bb61f140158b24da04a763a8c5 |
| 856 | 40 | u | URL | https://knigogid.ru/books/2150567-russkiy-yazyk-10-11-klassy-uchebnoe-posobie-bazovyy-uroven-v-2-h-chastyah-fgos?ysclid=mfpd0dus9y681549572 |
| 901 | t | Тип документа | m | |
| 905 | b | Дата создания записи обработка | 18.09.25 | |
| c | Дата приписки | 14.05.26 |